00459nam a2200145Ia 4500008004100000082001200041082000800053245005200061245003600113260003600149300000900185942000800194999001900202952009200221231017s9999 xx 000 0 und d a624.254 bMOU 0aTolerable movement criteria for highway bridges 0cUS Department of Transportation bUS Department of Transportation c30cm cREP c605692d605692 00104070aNITbNITd2023-10-17l0o624.254 MOUpNIT-2100r2023-10-17w2023-10-17yREP